TEXTBOOK OF PSYCHOLOGY (Record no. 3907)

MARC details
000 -LEADER
fixed length control field 00344nam a2200145Ia 4500
008 - FIXED-LENGTH DATA ELEMENTS--GENERAL INFORMATION
fixed length control field 150201s2001 xx 000 0 und d
082 ## - DEWEY DECIMAL CLASSIFICATION NUMBER
Classification number 618
Item number P2001B
100 ## - MAIN ENTRY--PERSONAL NAME
Personal name BARON,ROBERT A.
245 ## - TITLE STATEMENT
Title TEXTBOOK OF PSYCHOLOGY
250 ## - EDITION STATEMENT
Edition statement 5TH
260 ## - PUBLICATION, DISTRIBUTION, ETC. (IMPRINT)
Name of publisher, distributor, etc. PRENTICE-HALL
Place of publication, distribution, etc. DELHI
Date of publication, distribution, etc. 2001
300 ## - PHYSICAL DESCRIPTION
Extent 1-700
650 ## - SUBJECT ADDED ENTRY--TOPICAL TERM
Topical term or geographic name as entry element PSYCHOLOGY
942 ## - ADDED ENTRY ELEMENTS (KOHA)
Source of classification or shelving scheme Dewey Decimal Classification
Koha item type Books
Koha issues (borrowed), all copies 1
Holdings
Withdrawn status Lost status Source of classification or shelving scheme Damaged status Not for loan Home library Current library Date acquired Source of acquisition Cost, normal purchase price Serial Enumeration / chronology SGTU Bill Number Total Checkouts Full call number Barcode Date last seen Bill Date Koha item type Date last checked out
    Dewey Decimal Classification     SGT Dental Library SGT Dental Library 01/02/2008 U.B.S.DELHI 395.00 1 SGTU 1378   618 P2001B FD4879 09/02/2015 29/12/2012 Books  
    Dewey Decimal Classification     SGT Dental Library SGT Dental Library 01/02/2008 U.B.S.DELHI 395.00 1 SGTU 1378 1 618 P2001B FD4880 12/11/2022 29/12/2012 Books 12/11/2022
    Dewey Decimal Classification     SGT Dental Library SGT Dental Library 01/02/2008 U.B.S.DELHI 395.00 1 SGTU 1378   618 P2001B FD4881 09/02/2015 29/12/2012 Books